stay soft - mitski lyrics - Statistics

General Stats
  • This quiz has been taken 119 times
    110 since last reset
  • The average score is 123 of 160
Answer Stats
Answer % Correct
soft,
98%
you
98%
stay
97%
a
95%
verse 2 i
93%
on
93%
be
92%
get
90%
natural
90%
only
90%
up
90%
to
88%
beaten
87%
your
87%
harden
83%
and
82%
like
80%
of
78%
the
78%
eaten
77%
heart
77%
pre - chorus open
73%
in
72%
gates
70%
hell
70%
go
68%
me
68%
silver
68%
it
67%
pure
67%
my
65%
sex
65%
do
63%
god
60%
knife
58%
want
58%
where
58%
arrived,
57%
grip
57%
verse 1 fury,
55%
here
55%
need
55%
tell
55%
tight
55%
what
55%
eye
53%
hand
53%
not
53%
take
53%
under
53%
am
52%
bed
52%
i've
52%
remembers
52%
why
52%
dark
50%
down
50%
face
50%
still
50%
thinking
50%
away
48%
'cause
48%
tuck
48%
weight
48%
yet
48%
awake
47%
could
47%
quite
47%
burn
45%
stoker
45%
glints
42%
just
42%
it's
38%
No matching quizzes found
Score Distribution
Percent of People with Each Score
Percentile by Number Answered
Your Score History
You have not taken this quiz since the last reset